00476 2200193 4500001002100000005001500021035002000036245005000056100001600106250000600122856004500128260004100173082000800214084001400222600001000236990001200246990001200258990001200270INLIS00000000000173220250505105321 a0010-05250000241 aMerai Prestasi dalam Tantangan /cE. Luturmas0 aE. Luturmas a1 aRuang Baca Umum No Klas 800 ( Rak 3,4,5) aYogyakarta :bMita Gama Widya,c1997 a813 a813 E. m 4aFiksi a00.0177 a00.0178 a00.0179